000 00989nas a2200337 4500
001 BR9802992
003 BR-BrBNA
005 20231205101026.0
007 ta
008 230509b bl.|||p| |||| 00| 00por d
040 _aBR-BrBNA
_bpor
_cBiblioteca Nacional de Agricultura
041 _a(Pt)
072 _aF06
100 1 _aAndrade Junior, A.S. de
100 1 _aRodrigues, B.H.N.
100 1 _aAthayde Sobrinho, C.
100 1 _aMelo, F. de B.
100 1 _aBastos, E.A.
100 1 _aCardoso, M.J.
100 1 _aRibeiro, V.Q.
245 1 _aProdutividade e qualidade de frutos de melancia em funcao de diferentes niveis de irrigacao
650 _aMelancia
650 _aIrrigacao por Gotejamento
650 _aAgua
650 _aQualidade
650 _aProdutividade
650 _aPiaui
773 0 _tHorticultura Brasileira (Brazil)
_xISSN 0102-0536
_g(May 1997), v. 15(1) p. 43-46
_wBR9802992
909 _a202311
_bLúcia
_c55
_dLúcia Elande
942 _2AGRIS
_n0
_cANA
999 _c159351
_d159351